Normal view
MARC view
- Dream interpretation
Entry Topical Term
001 - CONTROL NUMBER
- control field: 130239
003 - CONTROL NUMBER IDENTIFIER
- control field: NUST
005 - DATE AND TIME OF LATEST TRANSACTION
- control field: 20250804151937.0
008 - FIXED-LENGTH DATA ELEMENTS
- fixed length control field: 250804|| aca||aabn | a|a d
040 ## - CATALOGING SOURCE
- Original cataloging agency: NUST
- Transcribing agency: NUST
150 ## - HEADING--TOPICAL TERM
- Topical term or geographic name entry element: Dream interpretation
- General subdivision: Islamic literature
670 ## - SOURCE DATA FOUND
- Source citation: Work cat.: (NUST)614443: Sīrīn, Imām Muḥammad bin 130014, Taʻbīr al-ruʾyā /, [n.d.]
